| 000 | 00981nab a22002057a 4500 | ||
|---|---|---|---|
| 999 |
_c6072 _d6072 |
||
| 003 | OSt | ||
| 005 | 20260121011827.0 | ||
| 008 | 190514b xxu||||| |||| 00| 0 spa d | ||
| 040 | _cPJ | ||
| 100 |
_96847 _aVallejos, Cecilia I. |
||
| 245 | 1 | 3 |
_aEl rompecabezas de armar soluciones justas / _cCecilia I. Vallejos. |
| 300 | _ap. 191-198 | ||
| 500 | _aCita: TR LALEY AR/DOC/984/2024. | ||
| 505 | _aSumario: I. El caso.— II. Primeras impresiones.— III. Retomando viejas cuestiones: la privación de la responsabilidad parental y la tutela.— IV. Aplicación analógica o juez legislador. Una tensión constante. | ||
| 505 | _tFallo comentado: JFlia, Río Gallegos Nº 2 ~ 28/09/2023 ~ F. O. s/ tutela. | ||
| 650 | 0 |
_9967 _aDERECHO DE FAMILIA |
|
| 650 | 0 |
_91057 _aJURISPRUDENCIA APLICABLE |
|
| 773 | 0 |
_02844 _93222 _dBuenos Aires : AbeledoPerrot, 1989- _tDerecho de familia. Revista Interdisciplinaria de doctrina y jurisprudencia. Junio 2024-III. _z18511201 |
|
| 942 |
_2udc _cANA |
||